| 000 | 00387nam a2200145Ia 4500 | ||
|---|---|---|---|
| 008 | 230917s9999||||xx |||||||||||||| ||und|| | ||
| 040 |
_e76084 _aMAIN |
||
| 041 | _aEnglish | ||
| 082 | _a658.3 S97P | ||
| 100 | _aSaxena, Pradeep | ||
| 245 | 0 | _aPersonnel administration and management: towards an alternative | |
| 260 |
_aJaipur _bPrintwell _c1987 |
||
| 300 | _aviii, 196 p. | ||
| 942 | _cBK | ||
| 999 |
_c57548 _d57548 |
||